|
|
|
|
| LEADER |
03051nam a2200781 i 4500 |
| 001 |
nkc20193159182 |
| 003 |
CZ PrNK |
| 005 |
20210304082441.0 |
| 007 |
ta |
| 008 |
200323s2020 xr acfhe 001 0bcze |
| 015 |
|
|
|a cnb003159182
|
| 020 |
|
|
|a 978-80-200-3095-5
|q (vázáno)
|
| 035 |
|
|
|a (OCoLC)1240908105
|
| 040 |
|
|
|a ABA001
|b cze
|d BOA001
|e rda
|
| 041 |
1 |
|
|a cze
|b eng
|b ger
|h eng
|
| 043 |
|
|
|a e-cs---
|
| 045 |
|
|
|a x1x4
|
| 072 |
|
7 |
|a 32
|x Politika
|2 Konspekt
|9 15
|
| 072 |
|
7 |
|a 929
|x Biografie
|2 Konspekt
|9 8
|
| 080 |
|
|
|a 341.71
|2 MRF
|
| 080 |
|
|
|a 070.42
|2 MRF
|
| 080 |
|
|
|a 32-051
|2 MRF
|
| 080 |
|
|
|a 327
|2 MRF
|
| 080 |
|
|
|a 32-026.12:314.15-026.49
|2 MRF
|
| 080 |
|
|
|a 328/329
|2 MRF
|
| 080 |
|
|
|a 929
|2 MRF
|
| 080 |
|
|
|a (437)
|2 MRF
|
| 080 |
|
|
|a (0:82-94)
|2 MRF
|
| 100 |
1 |
|
|a Beneš, Bohuš,
|d 1901-1977
|7 jk01011572
|4 aut
|
| 240 |
1 |
0 |
|a Beneš saga.
|l Česky
|
| 245 |
1 |
0 |
|a Synovcem prezidenta /
|c Bohuš Beneš ; přeložila Anna Jaegerová ; k vydání připravili Martin Nekola a Pavel Carbol
|
| 250 |
|
|
|a Vydání první
|
| 264 |
|
1 |
|a Praha :
|b Academia,
|c 2020
|
| 300 |
|
|
|a 280 stran, 44 nečíslovaných stran obrazových příloh :
|b ilustrace, portréty, faksimile ;
|c 21 cm
|
| 336 |
|
|
|a text
|b txt
|2 rdacontent
|
| 337 |
|
|
|a bez média
|b n
|2 rdamedia
|
| 338 |
|
|
|a svazek
|b nc
|2 rdacarrier
|
| 490 |
1 |
|
|a Paměť ;
|v sv. 114
|
| 500 |
|
|
|a Přeloženo z angličtiny
|
| 504 |
|
|
|a Obsahuje bibliografii, bibliografické odkazy a rejstřík
|
| 546 |
|
|
|a Anglické a německé resumé
|
| 600 |
1 |
7 |
|a Beneš, Bohuš,
|d 1901-1977
|7 jk01011572
|2 czenas
|
| 600 |
1 |
7 |
|a Beneš, Edvard,
|d 1884-1948
|7 jk01011576
|2 czenas
|
| 648 |
|
7 |
|a 1918-1948
|7 ch501252
|2 czenas
|
| 648 |
|
7 |
|a 1939-1945
|7 ch460653
|2 czenas
|
| 650 |
0 |
7 |
|a diplomaté
|7 ph119471
|z Československo
|2 czenas
|
| 650 |
0 |
7 |
|a novináři
|7 ph123339
|z Československo
|2 czenas
|
| 650 |
0 |
7 |
|a prezidenti
|7 ph124601
|z Československo
|2 czenas
|
| 650 |
0 |
7 |
|a diplomacie
|7 ph119467
|z Československo
|y 1918-1948
|2 czenas
|
| 650 |
0 |
7 |
|a exilová politická činnost
|7 ph151869
|z Československo
|y 1939-1945
|2 czenas
|
| 650 |
0 |
9 |
|a diplomats
|z Czechoslovakia
|2 eczenas
|
| 650 |
0 |
9 |
|a journalists
|z Czechoslovakia
|2 eczenas
|
| 650 |
0 |
9 |
|a presidents
|z Czechoslovakia
|2 eczenas
|
| 650 |
0 |
9 |
|a diplomacy
|z Czechoslovakia
|y 1918-1948
|2 eczenas
|
| 650 |
0 |
9 |
|a political activities of exiles
|z Czechoslovakia
|y 1939-1945
|2 eczenas
|
| 651 |
|
7 |
|a Československo
|7 ge131689
|x politika a vláda
|y 1918-1948
|2 czenas
|
| 651 |
|
9 |
|a Czechoslovakia
|x politics and government
|y 1918-1948
|2 eczenas
|
| 655 |
|
7 |
|a autobiografické vzpomínky
|7 fd131854
|2 czenas
|
| 655 |
|
9 |
|a autobiographical reminiscences
|2 eczenas
|
| 700 |
1 |
|
|a Jaegerová, Anna
|7 xx0254978
|4 trl
|
| 700 |
1 |
|
|a Nekola, Martin,
|d 1982-
|7 jx20081017003
|4 edt
|
| 700 |
1 |
|
|a Carbol, Pavel,
|d 1975-
|7 js20051205002
|4 edt
|
| 830 |
|
0 |
|a Paměť (Academia)
|0 s
|
| 910 |
2 |
|
|a BOA001
|b 2-1456.719
|
| 990 |
|
|
|a BK
|
| 995 |
|
|
|a 01
|
| 991 |
|
|
|b 202101
|c NOV
|
| 996 |
6 |
|
|b 2610848504
|c 2-1456.719
|l MZK
|r Sklad / do 1 hodiny
|n 2
|p p.v.
|w 001838095
|u 000010
|a 1
|e BOA001
|j MZK50
|s P
|